Ontario FRC Teams - Statistics

General Stats
  • This quiz has been taken 5 times
  • The average score is 26 of 181
Answer Stats
Team % Correct
1114
60%
1310
60%
188
60%
2056
60%
4946
60%
1241
40%
1246
40%
1285
40%
1305
40%
1325
40%
1334
40%
1360
40%
3683
40%
4039
40%
4152
40%
4343
40%
4678
40%
4907
40%
4917
40%
5406
40%
5409
40%
610
40%
6632
40%
7558
40%
771
40%
772
40%
7902
40%
8081
40%
8089
40%
854
40%
1374
20%
2013
20%
2198
20%
2200
20%
2386
20%
2634
20%
2702
20%
2706
20%
2708
20%
2852
20%
2935
20%
2994
20%
3161
20%
3739
20%
3756
20%
4015
20%
4069
20%
4308
20%
4476
20%
4617
20%
4688
20%
4903
20%
4914
20%
4932
20%
4936
20%
4938
20%
4939
20%
4940
20%
4968
20%
4976
20%
4992
20%
5024
20%
5031
20%
5032
20%
5036
20%
5408
20%
5596
20%
5689
20%
5719
20%
5834
20%
5885
20%
5912
20%
6070
20%
6110
20%
6135
20%
6140
20%
6141
20%
6866
20%
6992
20%
7022
20%
7058
20%
7475
20%
7476
20%
7480
20%
7520
20%
7603
20%
7690
20%
7712
20%
7722
20%
7723
20%
8113
20%
865
20%
914
20%
919
20%
1075
0%
2609
0%
3543
0%
3560
0%
3571
0%
4252
0%
4519
0%
4525
0%
4595
0%
4618
0%
4704
0%
4777
0%
4783
0%
4814
0%
4902
0%
5039
0%
5288
0%
5426
0%
5483
0%
5672
0%
5821
0%
5911
0%
5921
0%
6009
0%
6052
0%
6162
0%
6323
0%
6331
0%
6336
0%
6342
0%
6378
0%
6397
0%
6461
0%
6481
0%
6513
0%
6514
0%
6537
0%
6544
0%
6725
0%
6854
0%
6856
0%
6859
0%
6864
0%
6865
0%
6867
0%
6875
0%
6878
0%
6881
0%
6917
0%
6975
0%
6977
0%
6978
0%
6987
0%
7052
0%
7136
0%
7200
0%
7267
0%
7456
0%
746
0%
7509
0%
7564
0%
7614
0%
7623
0%
7659
0%
7664
0%
7710
0%
7721
0%
7735
0%
7757
0%
7800
0%
781
0%
8052
0%
8072
0%
8073
0%
8106
0%
8120
0%
8258
0%
8296
0%
8305
0%
8316
0%
8320
0%
8345
0%
8349
0%
8350
0%
8384
0%
8403
0%
907
0%
No matching quizzes found
Score Distribution
Percent of People with Each Score
Percentile by Number Answered
Your Score History
You have not taken this quiz